=LDR 00000nam 2200000 4500 =001 INLIS000000000015141 =005 20130612110424 =008 ***********************************Indo** =035 ##$$0010-061300000015141 =041 ##$$a Indo =082 ##$$a 372.218 =090 ##$$a 372.218, DJO-l =100 ##$$a Djomaidi, Achmad =245 ##$$a Latihan menulis, Model tegak bersambung 2c untuk kelas II SD cawu ke tiga, berdasarkan kurikulum 1975, Achmad Djomaidi, Drs.Ismed Syarief, S.T Negoro =260 ##$$a 1979 $b Jakarta =300 ##$$a 32 hlm, Ilus, 17 cm =650 ##$$a Pendidikan Dasar-Taman Kanak-kanak =850 ##$$a NBPNMAT